000 00693nam a2200229Ia 4500
005 20250425162723.0
008 250425s9999 xx 000 0 und d
020 _a9783319171890
041 _aeng
043 _asz
082 _a621.31
_pKYR
100 _aKyriakides, Elias
245 0 _aElectric Power Engineering Research and Education
_cElias Kyriakides, Siddharth Suryanarayanan, Vijay Vittal
260 _aSuiza
_bSpringer
_c2015
300 _a253 p.
_bIlustrado
_c24 cm
500 _aIncluye Tabla de contenido, bibliografia
650 _aIngenieria electrica
650 _aSistemas de energia electrica
902 _aMonográfico
_cImpreso
942 _c01
010 _a102758
999 _c235086
_d235086